000 02090nam a22002777a 4500
008 130821s2006 enk gr eng
020 _a0415336503
040 _aCo-BoUCM
_bspa
041 0 0 _aeng
100 1 _aSmith, John A.
_d1947 Apr. 16-
_9171237
245 1 0 _aQualitative complexity ecology, cognitive processes and the re-emergence of structures in post-humanist social theory
_cJohn Smith y Chris Jenks.
260 _aLondres (Inglaterra)
_bRoutledge
_c2006
300 _avi, 302 páginas
490 0 _aInternational library of sociology
504 _aIncluye referencias bbiliográficas e índice.
505 0 _aThe interdisciplinary field -- Complexity theory: a positioning paper -- From Descartes'conjecture to Kant's subject & the Computo -- Autopoiesis in cognitive biology -- Emergentism, evolutionary psychology and culture -- Prigogine's thermodynamics, ontology and sociology -- Critical developments -- Modernism and determinism: linear expectations and qualitative complexity analyses -- Complexity theory as a critique of postmodernism -- Cognition and the renewal of systems theory: redundant idioms and disputed positions -- The evolution of intelligence, consciousness and language: implications for social theory -- Complexity, language and culture: social systems in qualitative, i.e. not formal terms -- The fields of complex analysis: contemporary complexity theory -- The ethics of pragmatism: politics and post-structuralism in transition after the complexity turn -- The topology of complexity -- Re-interpreting global complexity as an ontology: human ecology.
650 0 4 _aCiencias sociales
_xFilosofía
_938933
650 0 4 _aComportamiento caótico en sistemas
_911288
650 0 4 _aSistemas sociales
_924675
650 0 4 _aSociología
_9386
700 1 _aJenks, Chris.
_9171238
856 4 1 _3Contenido
_uhttp://www.loc.gov/catdir/toc/ecip067/2006003145.html
856 4 2 _3Publicador
_uhttp://www.loc.gov/catdir/enhancements/fy0654/2006003145-d.html
942 _cLIBRO
_a5
_e1
_mS642
_2DEWEY
_h300.11857
999 _c89141
_d89141